I 10 comuni più popolosi della Lombardia - Statistics

Statistiche generali
  • Questo quiz è stato fatto 112 volte
  • Il punteggio medio è 8 su 10
Statistiche sulle risposte
POPOLAZIONE COMUNE % Corretto
1.371.580 Milano
99%
120.504 Bergamo
98%
198.688 Brescia
98%
83.799 Como
92%
123.121 Monza
91%
78.819 Varese
85%
71.383 Pavia
84%
83.439 Busto Arsizio
65%
78.565 Sesto San Giovanni
63%
74.946 Cinisello Balsamo
57%
Nessun quiz corrispondente trovato
Distribuzione punteggi
Percentuale di utenti per punteggio
Percentile per numero di risposta
I tuoi punteggi nel tempo
Non hai fatto questo quiz